LEADER 00822nam0-22002891i-450- 001 990000487670403321 005 20070917125509.0 035 $a000048767 035 $aFED01000048767 035 $a(Aleph)000048767FED01 035 $a000048767 100 $a20020821d1977----km-y0itay50------ba 101 0 $aita 102 $aIT 105 $ay-------001yy 200 1 $a<>schema elettrico funzionale$emetodo esecutivo ed impiego pratico$fGino Del Monaco 210 $aMilano$cEditoriale Delfino$dc1977 215 $a140 p.$cill. tav.$d25 cm 610 0 $aSchema elettrico$aImpianti elettrici 676 $a621.310'42 700 1$aDel Monaco,$bGino 801 0$aIT$bUNINA$gRICA$2UNIMARC 901 $aBK 912 $a990000487670403321 952 $a10 D II 162$b173 DEE$fDINEL 959 $aDINEL 997 $aUNINA LEADER 01000nam0-2200349---450- 001 990010012060403321 005 20151105113104.0 010 $a978-88-207-0075-1 035 $a001001206 035 $aFED01001001206 035 $a(Aleph)001001206FED01 035 $a001001206 100 $a20151105d1977----km-y0itay50------ba 101 0 $aita 102 $aIT 105 $a--------001yy 200 1 $aLezioni di sociolinguistica e linguistica applicata$fGaetano Berruto, Monica Berretta 210 $aNapoli$cLiguori$d1977 215 $a251 p.$d20 cm 225 1 $aStrumenti linguistici$fdiretta da Gianfranco Folena$v8 610 0 $aLinguaggio$aAspetti sociali 610 0 $aSociolinguistica 676 $a306.44$v22$zita 676 $a408$v22$zita 700 1$aBerruto,$bGaetano 701 1$aBerretta,$bMonica$f<1948-2001> 801 0$aIT$bUNINA$gRICA$2UNIMARC 901 $aBK 912 $a990010012060403321 952 $a306.44 BER 4$b1799$fBFS 959 $aBFS 997 $aUNINA